Upkar's compendium general knowledge with latest data & facts / (Record no. 155351)

MARC details
000 -LEADER
fixed length control field 00600nam a22001937a 4500
005 - DATE AND TIME OF LATEST TRANSACTION
control field 20180803123409.0
010 ## - LCCN (DPL NO)
LC control number B-701151
020 ## - INTERNATIONAL STANDARD BOOK NUMBER
International Standard Book Number 9788174821812
Terms of availability 170.00
035 ## - SYSTEM CONTROL NUMBER
System control number B-701151
037 ## - SOURCE OF ACQUISITION
Source of stock number/acquisition Upkar Prakashan
082 ## - DEWEY DECIMAL CLASSIFICATION NUMBER
Classification number 000
100 ## - MAIN ENTRY--PERSONAL NAME
Personal name Kumar Sundram
245 ## - TITLE STATEMENT
Title Upkar's compendium general knowledge with latest data & facts /
Statement of responsibility, etc by Kumar Sundram
260 ## - PUBLICATION, DISTRIBUTION, ETC. (IMPRINT)
Place of publication, distribution, etc Agra
Name of publisher, distributor, etc Upkar Prakashan
Date of publication, distribution, etc 2018
270 ## - ADDRESS
Address 2/11A, Swadeshi Bima Nagar,
City Agra
Postal code 282-002
300 ## - PHYSICAL DESCRIPTION
Extent 248p.
Dimensions 27cm(Pbk.)
942 ## - ADDED ENTRY ELEMENTS (KOHA)
Source of classification or shelving scheme Dewey Decimal Classification
Item type English Books
Classification part 000
Call number suffix SUN
Holdings
Withdrawn status Lost status Not for loan Collection code Home library Current library Date acquired Full call number Barcode Koha item type
      Non-fiction Sarojini Nagar Sarojini Nagar 03/08/2018 000 SUN B-701151 English Books

© Delhi Public Library
Hit Counter
free hit counter